Súčasná situácia v duševnom vlastníctve s ohľadom na vplyv hospodárskej krízy bakalárska práca

Salvato in:
Dettagli Bibliografici
Autore principale: Malovec, Peter
Ente Autore: Fakulta podnikového manažmentu EU. Katedra podnikovohospodárska
Altri autori: Matušovič, Martin
Natura: Libro
Lingua:slovacco
Pubblicazione: Bratislava 2011
Tags: Aggiungi Tag
Nessun Tag, puoi essere il primo ad aggiungerne!!

MARC

LEADER 00000nbm a2200000 4500
001 0140016
005 20161109111659.8
041 0 |a slo 
044 |a SK 
245 1 0 |a Súčasná situácia v duševnom vlastníctve s ohľadom na vplyv hospodárskej krízy  |b bakalárska práca  |c Peter Malovec ; školiteľ: Martin Matušovič 
264 1 |a Bratislava  |c 2011 
300 |a 43 s. 
100 1 |a Malovec, Peter 
700 1 |a Matušovič, Martin 
710 2 |a Fakulta podnikového manažmentu EU. Katedra podnikovohospodárska